000 00994nmm a2200289 a 4500
001 ocm000924668
003 TR-IsHL
005 20201028145638.0
008 150110s2014 tu tur
007 cr cn
020 _a9786053310167
035 _a924668
_b(N$T)
050 0 4 _aPK6561.I19
_bY874 2014
090 0 4 _aPK6561.I19
_bY874 2014
100 1 _aYusefi, Mohammad Reza
245 1 0 _aYeşil mavi sarı
_h[electronic resource] /
_cMohammad Reza Yusefi ; resimleyen Alain Bailhache ; çeviren Fulya Alikoç
260 _aİstanbul :
_bEvrensel Basım Yayın,
_c2014
300 _a21 p.
650 4 _aDil ve Edebiyat
650 4 _aLanguage and Literature
650 0 _aÇocuk edebiyatı, Farsça
650 0 _aChildren literature, Persian
650 7 _aJUVENILE FICTION / Historical / Middle East
_2bisacsh
700 1 _aBailhache, Alain
700 1 _aAlikoç, Fulya
856 4 0 _uhttp://search.ebscohost.com/login.aspx?direct=true&scope=site&db=e011xww&AN=924668
999 _c10058
_d10058